Traditional education among muslims : A study of some aspects in modern Indian (Record no. 1384259)

MARC details
000 -LEADER
fixed length control field 00633nam a2200205Ia 4500
005 - DATE AND TIME OF LATEST TRANSACTION
control field 20250508163607.0
008 - FIXED-LENGTH DATA ELEMENTS--GENERAL INFORMATION
fixed length control field 008 250505s9999 xx 000 0 eng d
037 ## - SOURCE OF ACQUISITION
Stock number Textual
040 ## - CATALOGING SOURCE
Original cataloging agency FEDL
Language of cataloging eng
Transcribing agency FEDL
041 ## - LANGUAGE CODE
Language code of text/sound track or separate title eng
Source of code eng
084 ## - COLON CLASSIFICATION NUMBER
Classification number 377.97, AHM
Assigning agency FEDL
100 ## - MAIN ENTRY--PERSONAL NAME
Personal name Mohammad Akhlaq Ahmad
9 (RLIN) 773350
245 #0 - TITLE STATEMENT
Title Traditional education among muslims : A study of some aspects in modern Indian
260 ## - PUBLICATION, DISTRIBUTION, ETC.
Place of publication, distribution, etc. Delhi, India
Name of publisher, distributor, etc. B R Publishing Corporation
Date of publication, distribution, etc. 1985
300 ## - PHYSICAL DESCRIPTION
Extent 216p.
365 ## - TRADE PRICE
Price type code INR
Price amount 125
650 ## - SUBJECT ADDED ENTRY--TOPICAL TERM
Topical term or geographic name entry element Muslims education
9 (RLIN) 773351
942 ## - ADDED ENTRY ELEMENTS (KOHA)
Koha item type Textual
Classification part 377.97, AHM
Holdings
Withdrawn status Lost status Damaged status Not for loan Home library Current library Date acquired Cost, normal purchase price Total Checkouts Full call number Barcode Date last seen Price effective from Koha item type
        Department of Education Library Department of Education Library 2025-05-08 125.00   377.97, AHM EL0077716 2025-05-08 2025-05-08 Textual
Copyright @ Delhi University Library System